000 00489nam a2200157Ia 4500
999 _c12391
_d12391
082 _aRB.0225
100 _aBhat, L.S.
245 0 _aDecentralised planning in India: Spatial perspectives
260 _c2005
_bIndian Council of Social Science Research, New Delhi
300 _a207
504 _aincludes appendices and bibliography
650 _aDecentralization in government
_zIndia
650 _aDecentralization in management
_zIndia
650 _aPanchayat
_zIndia
942 _cRP
_2ddc